[Event "ch-FRA Accession 2016"]
[Site "Agen FRA"]
[Date "2016.08.18"]
[Round "6.1"]
[White "Lagarde, Maxime"]
[Black "Degraeve, Jean-Marc"]
[Result "1/2-1/2"]
[WhiteTitle "GM"]
[BlackTitle "GM"]
[WhiteElo "2572"]
[BlackElo "2586"]
[WhiteFideId "662399"]
[BlackFideId "600270"]
[EventDate "2016.08.13"]

1. Nf3 Nf6 2. b3 g6 3. Bb2 Bg7 4. g3 O-O 5. Bg2 d6 6. d4 Ne4 7. c4 c5 8. O-O Nc6
9. e3 Bg4 10. Qc1 Bxf3 11. Bxf3 Ng5 12. Bxc6 bxc6 13. dxc5 Bxb2 14. Qxb2 dxc5
15. Nc3 Qd3 16. Rad1 Qf5 17. f3 Rfd8 18. Qe2 h5 19. e4 Qf6 20. e5 Qf5 21. f4 Ne6
22. Qg2 Rxd1 23. Rxd1 Rd8 24. Rxd8+ Nxd8 25. Qe4 Qd7 26. Qe3 Ne6 27. Kf2 Nd4 28.
Ne4 Qf5 29. Qd3 Ne6 30. Kg1 h4 31. Nf2 hxg3 32. hxg3 Kg7 33. Qxf5 gxf5 34. Nd3
Kg6 35. Kg2 Kh6 36. Kh3 Kh5 37. a3 a5 38. a4 f6 39. exf6 exf6 40. Kg2 Kg6 41.
Kh3 Kh5 42. Kg2 Kg6 43. Kh3 1/2-1/2

[Event "ch-FRA Accession 2016"]
[Site "Agen FRA"]
[Date "2016.08.18"]
[Round "6.2"]
[White "Dionisi, Thomas"]
[Black "Chabanon, Jean-Luc"]
[Result "0-1"]
[WhiteTitle "FM"]
[BlackTitle "GM"]
[WhiteElo "2377"]
[BlackElo "2458"]
[WhiteFideId "651893"]
[BlackFideId "600075"]
[EventDate "2016.08.13"]

1. e4 c6 2. d4 d5 3. Nc3 dxe4 4. Nxe4 Bf5 5. Ng3 Bg6 6. Nf3 e6 7. h4 h6 8. h5
Bh7 9. Bd3 Bxd3 10. Qxd3 Nf6 11. Bd2 c5 12. O-O-O Nc6 13. Be3 Qa5 14. Qb3 O-O-O
15. Kb1 Bd6 16. c4 Bxg3 17. fxg3 cxd4 18. Nxd4 Nxd4 19. Bxd4 Rd7 20. Bxf6 Qf5+
21. Qc2 Qxc2+ 22. Kxc2 gxf6 23. Rhf1 f5 24. g4 Rg8 25. gxf5 Rxg2+ 26. Kc3 e5 27.
Rg1 Rf2 28. Rg8+ Kc7 29. Rxd7+ Kxd7 30. Rb8 Rf3+ 31. Kb4 Kc7 32. Rh8 e4 33. Rxh6
a5+ 34. Kc5 e3 35. Rh8 Kd7 36. h6 e2 0-1

[Event "ch-FRA Accession 2016"]
[Site "Agen FRA"]
[Date "2016.08.18"]
[Round "6.3"]
[White "Sochacki, Christophe"]
[Black "Stephan, Victor"]
[Result "1/2-1/2"]
[WhiteTitle "IM"]
[BlackTitle "FM"]
[WhiteElo "2424"]
[BlackElo "2380"]
[WhiteFideId "662569"]
[BlackFideId "656666"]
[EventDate "2016.08.13"]

1. e4 c6 2. d4 d5 3. Nc3 dxe4 4. Nxe4 Bf5 5. Ng3 Bg6 6. h4 h6 7. Nf3 Nd7 8. Bd3
Bxd3 9. Qxd3 e6 10. Bd2 Ngf6 11. O-O-O Be7 12. Kb1 O-O 13. Ng5 c5 14. d5 c4 15.
Qxc4 Nb6 16. Qe2 Qxd5 17. Bb4 Bxb4 18. Rxd5 Nbxd5 19. N5e4 Rfd8 20. Nxf6+ Nxf6
21. Ne4 Be7 22. Nxf6+ Bxf6 23. g3 b5 24. c3 Rd5 25. Rd1 Rad8 26. Rxd5 Rxd5 27.
Qe3 a5 28. Qa7 a4 29. f4 g6 30. Kc2 Kg7 31. b3 axb3+ 32. axb3 h5 33. c4 bxc4 34.
bxc4 Bd4 35. Qa3 Rf5 36. Qd3 Bc5 37. Kb3 Bf8 38. Qe3 Bc5 39. Qc3+ Kg8 40. Qd2
Kg7 41. Qc3+ Kg8 42. Kc2 Bf8 43. Kd1 1/2-1/2

[Event "ch-FRA Accession 2016"]
[Site "Agen FRA"]
[Date "2016.08.18"]
[Round "6.4"]
[White "Navrotescu, Catalin"]
[Black "Duboue, Peio"]
[Result "0-1"]
[WhiteTitle "IM"]
[BlackTitle "FM"]
[WhiteElo "2352"]
[BlackElo "2397"]
[WhiteFideId "1200208"]
[BlackFideId "654833"]
[EventDate "2016.08.13"]

1. d4 Nf6 2. g3 d6 3. Bg2 g6 4. e4 Bg7 5. Nc3 O-O 6. Nge2 e5 7. h3 Nc6 8. Be3
exd4 9. Nxd4 Bd7 10. O-O Re8 11. Re1 Nxd4 12. Bxd4 Bc6 13. f4 Nd7 14. Bxg7 Kxg7
15. Nd5 Bxd5 16. Qxd5 Rb8 17. Qd4+ Kg8 18. Qxa7 Qf6 19. Qa4 b5 20. Qa7 Qxb2 21.
e5 Qc3 22. Qe3 Qxc2 23. Rac1 Qf5 24. Rxc7 dxe5 25. g4 Qe6 26. Qa7 Red8 27. fxe5
Nf8 28. Re7 Rd7 29. Rxd7 Nxd7 30. Rd1 Qb6+ 31. Qxb6 Nxb6 32. Bf1 Nc4 33. Rd5 Na3
34. Rd7 Re8 35. Ra7 b4 36. Rb7 Rxe5 37. Rxb4 Rc5 38. Bd3 h5 39. gxh5 Rxh5 40.
Kg2 Rc5 41. Kg3 Kg7 42. Rb3 Nc2 43. Bxc2 Rxc2 44. Ra3 Kh6 45. Ra7 f5 46. Ra4 g5
47. Ra8 Rc3+ 48. Kg2 f4 49. h4 g4 50. Ra4 Rg3+ 51. Kh2 Rf3 52. Ra8 Rf2+ 53. Kg1
g3 54. Ra5 Kg6 55. h5+ Kf6 56. h6 Rh2 57. Ra8 Kf5 58. Ra5+ Kg4 59. Ra6 f3 60.
Rg6+ Kh3 0-1

[Event "ch-FRA Accession 2016"]
[Site "Agen FRA"]
[Date "2016.08.19"]
[Round "7.1"]
[White "Chabanon, Jean-Luc"]
[Black "Lagarde, Maxime"]
[Result "1-0"]
[WhiteTitle "GM"]
[BlackTitle "GM"]
[WhiteElo "2458"]
[BlackElo "2572"]
[WhiteFideId "600075"]
[BlackFideId "662399"]
[EventDate "2016.08.13"]

1. d4 f5 2. c4 Nf6 3. Nc3 d6 4. Bg5 Nbd7 5. Qc2 g6 6. h4 h6 7. Bd2 e5 8. e3 Bg7
9. h5 Nf8 10. hxg6 Nxg6 11. O-O-O c6 12. dxe5 dxe5 13. e4 f4 14. Bxf4 Qe7 15.
Bd2 Be6 16. Nge2 Ng4 17. Be1 Qg5+ 18. Kb1 O-O 19. Ng3 Nf4 20. Rd6 Rf7 21. c5 Kh8
22. Nh5 Nxh5 23. Rxe6 Nf4 24. Rd6 Bf8 25. g3 Bxd6 26. gxf4 Rxf4 27. cxd6 Qf6 28.
Ne2 Nxf2 29. Rxh6+ Qxh6 30. Nxf4 Qxf4 31. Qxf2 Qxe4+ 32. Kc1 Kg7 33. Qg3+ Kf7
34. Bd3 Qf4+ 35. Qxf4+ exf4 36. Bf5 f3 37. Bh4 1-0

[Event "ch-FRA Accession 2016"]
[Site "Agen FRA"]
[Date "2016.08.19"]
[Round "7.2"]
[White "Degraeve, Jean-Marc"]
[Black "Stephan, Victor"]
[Result "1-0"]
[WhiteTitle "GM"]
[BlackTitle "FM"]
[WhiteElo "2586"]
[BlackElo "2380"]
[WhiteFideId "600270"]
[BlackFideId "656666"]
[EventDate "2016.08.13"]

1. e4 c6 2. d4 d5 3. e5 Bf5 4. h4 h5 5. c4 e6 6. Nc3 Ne7 7. Nge2 Nd7 8. Ng3 Bg6
9. Bg5 f6 10. exf6 gxf6 11. Be3 dxc4 12. Bxc4 Nd5 13. Nxd5 cxd5 14. Be2 Qe7 15.
Nxh5 Qb4+ 16. Kf1 Qxb2 17. Nf4 Bc2 18. Qc1 Ba3 19. Nxe6 Rc8 20. Kg1 Kf7 21. Nf4
Bf5 22. Qf1 Nb6 23. h5 Qc3 24. h6 Bb2 25. Rd1 Bc2 26. Re1 Qb4 27. Rh3 Bf5 28.
Bh5+ Kf8 29. Ng6+ Bxg6 30. Bxg6 Nc4 31. Qe2 Qe7 32. Qg4 Qc7 33. Bf4 Qc6 34. h7 1-0

[Event "ch-FRA Accession 2016"]
[Site "Agen FRA"]
[Date "2016.08.19"]
[Round "7.3"]
[White "Duboue, Peio"]
[Black "Velten, Paul"]
[Result "1-0"]
[WhiteTitle "FM"]
[BlackTitle "IM"]
[WhiteElo "2397"]
[BlackElo "2485"]
[WhiteFideId "654833"]
[BlackFideId "681091"]
[EventDate "2016.08.13"]

1. e4 Nc6 2. Nf3 d6 3. d4 Nf6 4. Nc3 Bg4 5. Bb5 a6 6. Bxc6+ bxc6 7. Qd3 e6 8.
O-O Be7 9. Nd2 Bh5 10. Qh3 e5 11. dxe5 dxe5 12. Nc4 Bd6 13. Bg5 Bg6 14. f4 exf4
15. e5 Bxe5 16. Nxe5 Qd4+ 17. Kh1 Qxe5 18. Rae1 Ne4 19. Nxe4 Bxe4 20. Qc3 Qd5
21. Rxe4+ Qxe4 22. Re1 Qxe1+ 23. Qxe1+ Kf8 24. Bxf4 Re8 25. Qc3 h6 26. h3 Re6
27. Qa3+ Kg8 28. Qxa6 Kh7 29. Qd3+ g6 30. Qd7 Kg7 31. Qd4+ Kh7 32. Bxh6 1-0

[Event "ch-FRA Accession 2016"]
[Site "Agen FRA"]
[Date "2016.08.19"]
[Round "7.4"]
[White "Le Roux, Jean-Pierre"]
[Black "Rouler, Charly"]
[Result "1-0"]
[WhiteTitle "GM"]
[BlackTitle "FM"]
[WhiteElo "2564"]
[BlackElo "2333"]
[WhiteFideId "609404"]
[BlackFideId "621692"]
[EventDate "2016.08.13"]

1. e4 c5 2. Nf3 e6 3. d4 cxd4 4. Nxd4 Nc6 5. Nb5 d6 6. Bf4 e5 7. Be3 Nf6 8. Bg5
a6 9. N5c3 Be7 10. Bxf6 Bxf6 11. Nd5 Bg5 12. Bd3 Be6 13. Nbc3 O-O 14. h4 Bh6 15.
g4 Bf4 16. g5 Rc8 17. Qh5 Kh8 18. Ne2 Ne7 19. Nexf4 exf4 20. O-O-O Ng6 21. Qf3
Qa5 22. Kb1 Qa4 23. b3 Qd4 24. Nxf4 Qe5 25. Nxg6+ fxg6 26. Qg3 Rf4 27. h5 gxh5
28. Rxh5 g6 29. Rh4 Rcf8 30. Rdh1 R8f7 31. Rxf4 Rxf4 32. Rh4 Rxh4 33. Qxh4 a5
34. a4 Kg8 35. f4 Qc3 36. Qg3 Bxb3 37. cxb3 Qxb3+ 38. Kc1 Qxa4 39. Qg4 Qc6+ 40.
Kd2 d5 41. exd5 Qxd5 42. Qc8+ Kg7 43. Qc7+ Kg8 44. Ke3 1-0

[Event "ch-FRA Accession 2016"]
[Site "Agen FRA"]
[Date "2016.08.20"]
[Round "8.1"]
[White "Chabanon, Jean-Luc"]
[Black "Duboue, Peio"]
[Result "1-0"]
[WhiteTitle "GM"]
[BlackTitle "FM"]
[WhiteElo "2458"]
[BlackElo "2397"]
[WhiteFideId "600075"]
[BlackFideId "654833"]
[EventDate "2016.08.13"]

1. d4 Nf6 2. c4 d6 3. Nc3 e5 4. Nf3 e4 5. Ng5 Qe7 6. f3 exf3 7. gxf3 h6 8. Nh3
g6 9. Nf4 Bg7 10. e4 O-O 11. Be3 c6 12. Qd2 g5 13. Nd3 Nh7 14. O-O-O f5 15. c5
dxc5 16. Nxc5 b6 17. Bc4+ Kh8 18. Nd3 b5 19. Bb3 b4 20. Na4 fxe4 21. fxe4 Bg4
22. Ne5 Bxe5 23. dxe5 Na6 24. Qd6 Rae8 25. Qxe7 Rxe7 26. Rd6 Bf3 27. Rf1 Bxe4
28. Rxf8+ Nxf8 29. Rd8 Kg7 30. Nc5 Nxc5 31. Bxc5 Rxe5 32. Bxf8+ Kg6 33. Rd6+ Kf5
34. Rxh6 a5 35. Bd6 1-0

[Event "ch-FRA Accession 2016"]
[Site "Agen FRA"]
[Date "2016.08.20"]
[Round "8.2"]
[White "Loiseau, Quentin"]
[Black "Degraeve, Jean-Marc"]
[Result "1-0"]
[WhiteTitle "IM"]
[BlackTitle "GM"]
[WhiteElo "2434"]
[BlackElo "2586"]
[WhiteFideId "665274"]
[BlackFideId "600270"]
[EventDate "2016.08.13"]

1. d4 d6 2. c4 g6 3. Nc3 Bg7 4. e4 Nf6 5. Bd3 O-O 6. Nge2 Nc6 7. O-O Nd7 8. Be3
e5 9. d5 Nd4 10. Bb1 Nxe2+ 11. Qxe2 a5 12. Bc2 Qe7 13. f3 f5 14. exf5 gxf5 15.
g4 fxg4 16. fxg4 Rxf1+ 17. Rxf1 Nf8 18. Ne4 Qh4 19. Bd1 h5 20. Bg5 Qxg4+ 21.
Qxg4 Bxg4 22. Bxg4 hxg4 23. Kg2 a4 24. Kg3 Nd7 25. Be3 b5 26. cxb5 Rb8 27. Rc1
Rxb5 28. Rxc7 Nf6 29. Nxf6+ Bxf6 30. Kxg4 Rxb2 31. Kf5 Bh4 32. Rc4 Rxh2 33. Rxa4
Bf2 34. Kg6 Kf8 35. Kf6 Kg8 36. Rg4+ Kf8 37. Rb4 Kg8 38. Rb8+ Kh7 39. Rb7+ Kg8
40. Kg6 1-0

[Event "ch-FRA Accession 2016"]
[Site "Agen FRA"]
[Date "2016.08.20"]
[Round "8.3"]
[White "Dionisi, Thomas"]
[Black "Collas, Didier"]
[Result "0-1"]
[WhiteTitle "FM"]
[BlackTitle "IM"]
[WhiteElo "2377"]
[BlackElo "2388"]
[WhiteFideId "651893"]
[BlackFideId "602680"]
[EventDate "2016.08.13"]

1. e4 c5 2. Nf3 e6 3. c3 Nf6 4. e5 Nd5 5. d4 cxd4 6. cxd4 d6 7. Bc4 Be7 8. O-O
O-O 9. Qe2 b6 10. Nc3 Nxc3 11. bxc3 Bb7 12. exd6 Qxd6 13. Ne5 Nd7 14. f4 Rac8
15. Bd2 g6 16. Kh1 Nf6 17. f5 exf5 18. Bh6 Rc7 19. Rae1 Ne4 20. Qd3 Bf6 21. Bxf8
Kxf8 22. Nf3 Nxc3 23. Qxc3 b5 24. Qa5 bxc4 25. Qxa7 c3 26. Qb8+ Kg7 27. Rc1 Qd7
28. Rf2 Be4 29. Qb3 Bxd4 30. Nxd4 Qxd4 31. Re2 c2 32. Qe3 Qb2 33. a4 Rd7 34.
Ree1 Qb4 35. Ra1 Rd2 36. Rg1 f4 37. Qh3 Qd4 38. Rae1 Rd1 39. Qa3 c1=Q 40. Qxc1
Rxc1 0-1

[Event "ch-FRA Accession 2016"]
[Site "Agen FRA"]
[Date "2016.08.20"]
[Round "8.4"]
[White "Lagarde, Maxime"]
[Black "Le Roux, Jean-Pierre"]
[Result "1-0"]
[WhiteTitle "GM"]
[BlackTitle "GM"]
[WhiteElo "2572"]
[BlackElo "2564"]
[WhiteFideId "662399"]
[BlackFideId "609404"]
[EventDate "2016.08.13"]

1. c4 c5 2. Nc3 g6 3. Nf3 Bg7 4. d4 cxd4 5. Nxd4 Nc6 6. Nc2 Nf6 7. e4 d6 8. Be2
O-O 9. O-O Nd7 10. Bd2 a5 11. Re1 Nc5 12. Bf1 Nb4 13. Bg5 Bxc3 14. bxc3 Nxc2 15.
Qxc2 Qc7 16. f4 f6 17. Bh6 Rf7 18. Re3 Bd7 19. f5 Kh8 20. Rae1 Rg8 21. Bf4 Qb6
22. Qf2 Bc6 23. Rg3 Qd8 24. Rge3 a4 25. Bg3 Rgg7 26. Qd2 Qc8 27. Qf2 Qd7 28. Qc2
Qc8 29. Be2 gxf5 30. exf5 Rg5 31. Bf3 Bxf3 32. Rxf3 Rgg7 33. Rfe3 Qc6 34. Qe2 a3
35. Bf4 Nd7 36. Bh6 Rg8 37. h3 Ne5 38. Re4 Rg3 39. Kh2 Rxc3 40. Qh5 Rc2 41. R1e2
Rxe2 42. Qxe2 Qd7 43. c5 Qxf5 44. Ra4 Qc8 45. cxd6 exd6 46. Qd2 Rd7 47. Qc3 Rd8
48. Qxa3 Qc6 49. Ra8 Rg8 50. Rxg8+ Kxg8 51. Qa8+ Kf7 52. Qf8+ Ke6 53. Qg8+ Nf7
54. Bf4 h5 55. Bg3 b5 56. a3 Ke7 57. Qh7 Qd5 58. Qc2 Qc4 59. Qf5 d5 60. Qxh5 d4
61. Be1 d3 62. Bb4+ Ke6 63. Qf3 Ne5 64. Qe3 Kd5 65. Qg3 Qc7 66. Kh1 Qc1+ 67. Kh2
Qc7 68. Kh1 f5 69. Qf4 Qc8 70. Qg5 Ke4 71. Qh4+ f4 72. Bd2 Qf5 73. Qe1+ Kd5 74.
Qb1 Kc6 75. a4 bxa4 76. Qb4 f3 77. Qxa4+ Kd5 78. Qb5+ Kd4 79. Qb6+ Kd5 80. Qb5+
Kd4 81. Qb6+ Kd5 82. Qb7+ Ke6 83. Qc8+ Kf6 84. Qf8+ Nf7 85. Bc3+ Kg5 86. Qg7+
Kh4 87. Be1+ 1-0

[Event "ch-FRA Accession 2016"]
[Site "Agen FRA"]
[Date "2016.08.21"]
[Round "9.1"]
[White "Loiseau, Quentin"]
[Black "Chabanon, Jean-Luc"]
[Result "0-1"]
[WhiteTitle "IM"]
[BlackTitle "GM"]
[WhiteElo "2434"]
[BlackElo "2458"]
[WhiteFideId "665274"]
[BlackFideId "600075"]
[EventDate "2016.08.13"]

1. d4 Nf6 2. c4 g6 3. f3 Bg7 4. e4 O-O 5. Ne2 c6 6. Be3 b5 7. g4 bxc4 8. g5 Ne8
9. Nbc3 d5 10. e5 f6 11. f4 fxg5 12. h4 gxh4 13. Rxh4 Bf5 14. Ng3 e6 15. Rh2 Nc7
16. Qa4 a6 17. b3 Nb5 18. Rc1 Nd7 19. bxc4 Nb6 20. Qb3 dxc4 21. Bxc4 Nd5 22.
Nce4 Nxe3 23. Qxe3 Nxd4 24. Nxf5 Nxf5 25. Bxe6+ Kh8 26. Qh3 h5 27. Qf3 Qd4 28.
Rh1 Rad8 29. Bb3 Ng3 30. Nxg3 Qd2+ 31. Kf1 Rxf4 32. Rc3 Bxe5 33. Nxh5 Rxf3+ 34.
Rxf3 Qc1+ 35. Ke2 Rd2+ 36. Ke3 Qc3+ 37. Ke4 Qd4# 0-1

[Event "ch-FRA Accession 2016"]
[Site "Agen FRA"]
[Date "2016.08.21"]
[Round "9.2"]
[White "Collas, Didier"]
[Black "Lagarde, Maxime"]
[Result "0-1"]
[WhiteTitle "IM"]
[BlackTitle "GM"]
[WhiteElo "2388"]
[BlackElo "2572"]
[WhiteFideId "602680"]
[BlackFideId "662399"]
[EventDate "2016.08.13"]

1. e4 c5 2. Nf3 Nc6 3. d4 cxd4 4. Nxd4 Nf6 5. Nc3 e5 6. Ndb5 d6 7. Bg5 a6 8. Na3
b5 9. Bxf6 gxf6 10. Nd5 Bg7 11. Bd3 Be6 12. Ne3 Ne7 13. O-O d5 14. exd5 Nxd5 15.
Nxd5 Qxd5 16. c4 bxc4 17. Bxc4 Qxd1 18. Raxd1 Ke7 19. b3 f5 20. f3 h5 21. Bxe6
Kxe6 22. Nc4 Bf8 23. Rfe1 f6 24. Kf1 Bb4 25. Re3 Rad8 26. Red3 Rxd3 27. Rxd3 f4
28. g3 fxg3 29. hxg3 Rg8 30. a3 Bc5 31. b4 Bd4 32. Kg2 h4 33. g4 f5 34. Kh3
fxg4+ 35. fxg4 Kd5 36. Na5 e4 37. Rd1 Rc8 38. Kxh4 e3 39. Kg3 Ke4 40. Nb3 Be5+
41. Kh4 e2 42. Rb1 Bc3 43. Nc5+ Rxc5 44. bxc5 e1=Q+ 45. Rxe1+ Bxe1+ 0-1

[Event "ch-FRA Accession 2016"]
[Site "Agen FRA"]
[Date "2016.08.21"]
[Round "9.3"]
[White "Degraeve, Jean-Marc"]
[Black "Veys, Vincent"]
[Result "1-0"]
[WhiteTitle "GM"]
[BlackTitle "FM"]
[WhiteElo "2586"]
[BlackElo "2352"]
[WhiteFideId "600270"]
[BlackFideId "20641567"]
[EventDate "2016.08.13"]

1. e4 e5 2. Nf3 Nc6 3. Bc4 Nf6 4. d3 Be7 5. O-O O-O 6. a4 d6 7. a5 a6 8. c3 h6
9. h3 Nh7 10. Be3 Ng5 11. Nbd2 Kh8 12. d4 f5 13. dxe5 Nxf3+ 14. Nxf3 fxe4 15.
exd6 exf3 16. dxe7 Qxe7 17. Bd5 fxg2 18. Bxg2 Bf5 19. Re1 Rae8 20. Qh5 Qf6 21.
Bc5 Bg6 22. Qg4 Rg8 23. Qg3 Bh5 24. Qxc7 Bf3 25. Qg3 Bxg2 26. Qxg2 Qf5 27. b4
Ne5 28. Re3 Re6 29. Kh1 Rg6 30. Rxe5 Qd3 31. Re3 1-0

[Event "ch-FRA Accession 2016"]
[Site "Agen FRA"]
[Date "2016.08.21"]
[Round "9.4"]
[White "Duboue, Peio"]
[Black "Philippe, Guillaume"]
[Result "1-0"]
[WhiteTitle "FM"]
[BlackTitle "FM"]
[WhiteElo "2397"]
[BlackElo "2335"]
[WhiteFideId "654833"]
[BlackFideId "36048763"]
[EventDate "2016.08.13"]

1. e4 c5 2. Nf3 d6 3. d4 cxd4 4. Nxd4 Nf6 5. Nc3 a6 6. Be3 e6 7. Be2 Qc7 8. a4
b6 9. f4 Bb7 10. Bf3 Nbd7 11. Nb3 Nc5 12. Nxc5 bxc5 13. O-O Rd8 14. Qe1 Be7 15.
e5 Nd7 16. exd6 Bxd6 17. Bxb7 Qxb7 18. f5 O-O 19. Rd1 Qc7 20. Qh4 exf5 21. Rxf5
Ne5 22. Qh3 Ng6 23. Rdf1 Be5 24. Ne4 f6 25. Nxc5 Rfe8 26. R5f3 Rd5 27. b4 a5 28.
c4 Rd6 29. b5 Bc3 30. Bf2 Bb4 31. Re3 Rxe3 32. Qxe3 Ne5 33. Na6 Qxc4 34. Nxb4
Qxb4 35. Qc5 Nd3 36. Qxb4 axb4 37. Rb1 Rd8 38. b6 Kf7 39. Bg3 Nc5 40. Rxb4 Rd1+
41. Kf2 Ra1 42. b7 Nxb7 43. Rxb7+ Kg6 44. Rb4 1-0